| 000 | 01417nam a2200301 i 4500 | ||
|---|---|---|---|
| 001 | 000018612 | ||
| 003 | DO-SdBNP | ||
| 005 | 20240812101938.0 | ||
| 007 | ta | ||
| 008 | 100512s2010 dr r 000 0 spa d | ||
| 020 | _a9789945002669 | ||
| 040 |
_aDO-SdBNP _bspa _cBNPHU _erda |
||
| 082 |
_a348.7293046 _bG643e _222 |
||
| 100 | 1 |
_aGonzález Canahuate, Almanzor _eautor _916436 |
|
| 245 | 1 | 0 |
_aEnciclopedia jurisprudencial integrada : _bde las decisiones de la Suprema Corte de Justicia de la República Dominicana en Materia de Tierra / _cAlmanzor González Canahuate. |
| 246 | _aMateria tierras : treinta y siete años ; (1970 - diciembre 2006) | ||
| 264 |
_aSanto Domingo : _bCentenario, _c2010. |
||
| 300 |
_avolumen ; _c23 cm. |
||
| 336 |
_2rdacontent _atexto _btxt |
||
| 337 |
_2rdamedia _asin mediación _bn |
||
| 338 |
_2rdacarrier _avolumen _bnc |
||
| 500 | _aContiene suplemento no. 1 jurisprudencia en materia de tierras correspondiente al año 2009. Completiva y puesta al día de la enciclopedia jurisprudencial integrada de las decisiones de la Suprema Corte de Justicia de la República Dominicana en materia de tierras ( 1970-2007, cinco tomos). | ||
| 590 | _aInventariado, 2019/BT | ||
| 650 | 4 |
_aJurisprudencia _xRecopilaciones, repertorios, etc _zRepública Dominicana _919125 |
|
| 650 | 4 |
_aTítulos de tierras _xJurisprudencia _zRepública Dominicana _986239 |
|
| 910 | _aBT | ||
| 942 |
_2ddc _cLBS1 |
||
| 999 |
_c18132 _d18132 |
||